[Event "HUN-chT2 Maroczy 0910"]
[Site "Hungary"]
[Date "2009.11.08"]
[Round "1"]
[White "Tamas, Kornel"]
[Black "Katona, Jozsef"]
[Result "1-0"]
[WhiteElo "1913"]
[BlackElo "2014"]
[PlyCount "101"]
[EventDate "2009.11.08"]
[EventType "team-tourn"]
[EventRounds "11"]
[EventCountry "HUN"]
[SourceTitle "EXT 2011"]
[Source "ChessBase"]
[SourceDate "2010.11.26"]
[SourceVersion "1"]
[SourceVersionDate "2010.11.26"]
[SourceQuality "1"]
[WhiteTeam "Gyula"]
[BlackTeam "Oroshaza"]
[WhiteTeamCountry "HUN"]
[BlackTeamCountry "HUN"]

1. d4 Nf6 2. Nf3 g6 3. g3 Bg7 4. Bg2 0-0 5. 0-0 d6 6. c4 Nbd7 7. Nc3 e5 8. d5 a5 9. e4 Nc5 10. Qc2 b6 11. a3 a4 12. Nd2 Nh5 13. b4 axb3 14. Nxb3 Nxb3 15. Qxb3 f5 16. exf5 gxf5 17. f4 e4 18. Be3 Qf6 19. Rac1 Qg6 20. Ne2 Nf6 21. h3 h5 22. Kh1 Bd7 23. Bf2 Ra6 24. Be1 Rfa8 25. Bb4 Ba4 26. Qe3 Nd7 27. Nc3 Nc5 28. Nxa4 Rxa4 29. Rc2 Nd3 30. Rb1 Nxb4 31. axb4 Ra3 32. Rb3 Ra1+ 33. Kh2 Rd1 34. Rd2 Raa1 35. Rxd1 Rxd1 36. Qe2 Ra1 37. Qf2 Qf6 38. c5 Qd4 39. Qxd4 Bxd4 40. cxd6 cxd6 41. g4 h4 42. Bh1 Bg1+ 43. Kg2 e3 44. Rb2 Bf2 45. gxf5 Rd1 46. Re2 Rxd5 47. Kf3 Rxf5 48. Rc2 Rb5 49. Rc4 d5 50. Rd4 e2 51. Kxf2 1-0

[Event "Budapest FS07 FM-A"]
[Site "Budapest"]
[Date "2009.07.06"]
[Round "3"]
[White "Zoltan, Andras"]
[Black "Katona, Jozsef"]
[Result "1-0"]
[WhiteElo "1945"]
[BlackElo "1962"]
[PlyCount "75"]
[EventDate "2009.07.04"]
[EventType "tourn"]
[EventRounds "11"]
[EventCountry "HUN"]
[SourceTitle "CBM 131 Extra"]
[Source "ChessBase"]
[SourceDate "2009.09.03"]
[SourceVersion "2"]
[SourceVersionDate "2009.09.16"]
[SourceQuality "1"]

1. e4 g6 2. d4 Bg7 3. Nc3 d6 4. Bc4 Nd7 5. Nf3 Nb6 6. Bb3 e6 7. Be3 Nf6 8. h3 0-0 9. Qd2 d5 10. e5 Ne4 11. Nxe4 dxe4 12. Ng5 Nd5 13. Nxe4 f5 14. Bg5 Qe8 15. Nc5 b6 16. Bxd5 exd5 17. Nd3 c5 18. c3 Qc6 19. 0-0 Bd7 20. Rfe1 Rad8 21. h4 Be6 22. Rac1 c4 23. Nf4 b5 24. h5 Bc8 25. hxg6 h6 26. Bh4 Bd7 27. Re3 a5 28. Rce1 Be6 29. Rg3 Bc8 30. Nh5 Be6 31. Bf6 Rxf6 32. exf6 Bxf6 33. Nxf6+ Kg7 34. Nh5+ Kg8 35. Rxe6 Qxe6 36. Qxh6 Qe1+ 37. Kh2 Qe7 38. Qh7+ 1-0

[Event "HUN-chT2 Maroczy 0809"]
[Site "Hungary"]
[Date "2009.04.05"]
[Round "10"]
[White "Kelly, Ladislau Endre"]
[Black "Katona, Jozsef"]
[Result "1-0"]
[WhiteElo "2246"]
[BlackElo "2044"]
[PlyCount "75"]
[EventDate "2008.10.26"]
[EventType "team-tourn"]
[EventRounds "11"]
[EventCountry "HUN"]
[SourceTitle "EXT 2010"]
[Source "ChessBase"]
[SourceDate "2010.11.25"]
[SourceVersion "1"]
[SourceVersionDate "2010.11.25"]
[SourceQuality "1"]
[WhiteTeam "Gyula"]
[BlackTeam "Oroshaza"]
[WhiteTeamCountry "HUN"]
[BlackTeamCountry "HUN"]

1. e4 c5 2. Nc3 d6 3. f4 Nc6 4. Nf3 e6 5. g3 g6 6. Bg2 Bg7 7. 0-0 Nge7 8. b3 0-0 9. Bb2 a6 10. Na4 b5 11. Bxg7 Kxg7 12. Nb2 Qb6 13. Qe2 Bb7 14. Qf2 Rab8 15. a4 Ba8 16. axb5 axb5 17. d3 d5 18. Ne5 Nxe5 19. fxe5 Ng8 20. Rad1 d4 21. g4 Qc7 22. Qf4 Qe7 23. g5 Bc6 24. Qf6+ Qxf6 25. exf6+ Kh8 26. e5 Bxg2 27. Kxg2 Ra8 28. Ra1 Rfd8 29. Kf3 h6 30. h4 Kh7 31. Kf4 h5 32. Rfb1 Rdc8 33. Nd1 Rcb8 34. Nf2 c4 35. Rxa8 Rxa8 36. bxc4 bxc4 37. dxc4 Ra2 38. Rc1 1-0

[Event "HUN-chT2 Maroczy 0809"]
[Site "Hungary"]
[Date "2008.11.30"]
[Round "3"]
[White "Katona, Jozsef"]
[Black "Hajnal, Gyula"]
[Result "0-1"]
[WhiteElo "2044"]
[BlackElo "2071"]
[PlyCount "92"]
[EventDate "2008.10.26"]
[EventType "team-tourn"]
[EventRounds "11"]
[EventCountry "HUN"]
[SourceTitle "EXT 2010"]
[Source "ChessBase"]
[SourceDate "2010.11.25"]
[SourceVersion "1"]
[SourceVersionDate "2010.11.25"]
[SourceQuality "1"]
[WhiteTeam "Oroshaza"]
[BlackTeam "Fuzesabony"]
[WhiteTeamCountry "HUN"]
[BlackTeamCountry "HUN"]

1. Nf3 d5 2. d4 Nf6 3. c4 e6 4. Nc3 c6 5. cxd5 exd5 6. Bg5 Be7 7. e3 0-0 8. Bd3 h6 9. Bh4 Nbd7 10. 0-0 Re8 11. h3 Nf8 12. Qc2 Be6 13. Ne5 N6d7 14. Bxe7 Qxe7 15. Nf3 Nf6 16. a3 g6 17. Rac1 N8d7 18. Rfe1 Nh5 19. Na4 Qf6 20. Nh2 Ng7 21. Qe2 h5 22. Qf3 Rac8 23. Nc5 Qxf3 24. Nxf3 Nxc5 25. dxc5 Re7 26. Nd4 Bd7 27. b4 a6 28. Kf1 Ne6 29. h4 Kg7 30. g3 Rce8 31. Nxe6+ Bxe6 32. Ke2 Bg4+ 33. Kd2 Bf3 34. Kc3 Re6 35. Kd4 Rf6 36. Rc2 Rfe6 37. Rcc1 f6 38. Be2 Be4 39. f4 Bg2 40. Bd3 Be4 41. Rc3 Bxd3 42. Rxd3 Re4+ 43. Kc3 a5 44. Kb3 axb4 45. axb4 d4 46. Rxd4 Rxd4 0-1

[Event "HUN-chT2 Maroczy 0708"]
[Site "Hungary"]
[Date "2008.03.02"]
[Round "7"]
[White "Uzonyi, David"]
[Black "Katona, Jozsef"]
[Result "1/2-1/2"]
[WhiteElo "1877"]
[BlackElo "2065"]
[PlyCount "77"]
[EventDate "2007.10.14"]
[EventType "team"]
[EventRounds "11"]
[EventCountry "HUN"]
[SourceTitle "EXT 2009"]
[Source "ChessBase"]
[SourceDate "2008.11.26"]
[SourceVersion "1"]
[SourceVersionDate "2008.11.26"]
[SourceQuality "1"]
[WhiteTeam "Hajduboszormeny"]
[BlackTeam "Oroshaza"]
[WhiteTeamCountry "HUN"]
[BlackTeamCountry "HUN"]

1. e4 c5 2. c3 d6 3. d4 Qc7 4. h3 Nf6 5. Bd3 g6 6. Nf3 e5 7. Be3 Bg7 8. Nbd2 0-0 9. 0-0 b6 10. Rc1 Bb7 11. Nh2 Qe7 12. Qe1 Nbd7 13. Bg5 h6 14. Bh4 g5 15. Bg3 Nh5 16. Ng4 Nf4 17. Bc4 exd4 18. cxd4 cxd4 19. Bxf4 gxf4 20. Qe2 Ne5 21. Bd5 Rac8 22. Nb3 Ng6 23. Qd2 Bxd5 24. exd5 Qe4 25. Rfd1 Qxd5 26. Rxc8 Rxc8 27. Nxd4 h5 28. Nh2 Qxd4 29. Qxd4 Bxd4 30. Rxd4 Rc2 31. Nf3 Rxb2 32. a4 Ra2 33. Nd2 Ra1+ 34. Kh2 h4 35. Ne4 Ra2 36. Kg1 Ra1+ 37. Kh2 Ra2 38. Kg1 Ra1+ 39. Kh2 1/2-1/2

[Event "HUN-chT2 Maroczy 0708"]
[Site "Hungary"]
[Date "2007.12.09"]
[Round "4"]
[White "Katona, Jozsef"]
[Black "Papp, Petra"]
[Result "1/2-1/2"]
[WhiteElo "2065"]
[BlackElo "2033"]
[PlyCount "54"]
[EventDate "2007.10.14"]
[EventType "team"]
[EventRounds "11"]
[EventCountry "HUN"]
[SourceTitle "EXT 2009"]
[Source "ChessBase"]
[SourceDate "2008.11.26"]
[SourceVersion "1"]
[SourceVersionDate "2008.11.26"]
[SourceQuality "1"]
[WhiteTeam "Oroshaza"]
[BlackTeam "Maroczy"]
[WhiteTeamCountry "HUN"]
[BlackTeamCountry "HUN"]

1. Nf3 f5 2. g3 Nf6 3. Bg2 g6 4. 0-0 Bg7 5. d3 0-0 6. Nbd2 d6 7. e4 fxe4 8. dxe4 Nc6 9. Qe2 e5 10. c3 Qe7 11. a4 a5 12. Re1 Bd7 13. Nf1 Nd8 14. Qc2 Ne6 15. Be3 Bc6 16. Ng5 Kh8 17. Nxe6 Qxe6 18. h3 Qd7 19. Bd2 Qf7 20. Be3 Nd7 21. b4 b6 22. Nd2 Nf6 23. b5 Bd7 24. c4 Be6 25. Rac1 Nd7 26. Nb3 Nf6 27. Rf1 Nh5 1/2-1/2

[Event "Budapest FS11 FM-A"]
[Site "Budapest"]
[Date "2006.11.04"]
[Round "1"]
[White "Hocevar, Nikola"]
[Black "Katona, Jozsef"]
[Result "1-0"]
[WhiteElo "2090"]
[BlackElo "2081"]
[PlyCount "87"]
[EventDate "2006.11.04"]
[EventType "tourn"]
[EventRounds "9"]
[EventCountry "HUN"]
[SourceTitle "EXT 2007"]
[Source "ChessBase"]
[SourceDate "2006.11.23"]
[SourceVersion "1"]
[SourceVersionDate "2006.11.23"]
[SourceQuality "1"]

1. c4 g6 2. Nc3 Bg7 3. d4 c6 4. e4 d6 5. Be3 Nf6 6. f3 0-0 7. Qd2 e5 8. Nge2 Nbd7 9. 0-0-0 Qa5 10. Kb1 b5 11. cxb5 cxb5 12. Nd5 Qxd2 13. Nxf6+ Bxf6 14. Rxd2 Nb6 15. Nc3 b4 16. Nb5 Be7 17. dxe5 dxe5 18. Nxa7 Rxa7 19. Bxb6 Rb7 20. Be3 Be6 21. b3 Rc7 22. Rc2 Rxc2 23. Kxc2 Rc8+ 24. Kb2 Rc3 25. Bd2 Rc8 26. Ba6 Rc6 27. Bb5 Rb6 28. Bc4 Bxc4 29. bxc4 Ra6 30. Be3 Ra3 31. Bb6 Rc3 32. Rc1 Rxc1 33. Kxc1 Kf8 34. Kc2 Ke8 35. Kb3 Kd7 36. Ba5 Kc6 37. Bxb4 Bg5 38. c5 Bd8 39. Kc4 Bc7 40. a4 Bb8 41. Ba5 f5 42. Bb6 fxe4 43. fxe4 h5 44. a5 1-0

[Event "Budapest Spring op 22nd"]
[Site "Budapest"]
[Date "2006.03.30"]
[Round "8"]
[White "Katona, Jozsef"]
[Black "Rozsnyai, Tibor"]
[Result "1/2-1/2"]
[WhiteElo "2065"]
[BlackElo "2129"]
[PlyCount "167"]
[EventDate "2006.03.23"]
[EventType "swiss"]
[EventRounds "9"]
[EventCountry "HUN"]
[SourceTitle "CBM 111 Extra"]
[Source "ChessBase"]
[SourceDate "2006.05.09"]
[SourceVersion "1"]
[SourceVersionDate "2006.05.09"]
[SourceQuality "1"]

1. d4 Nf6 2. c4 e6 3. Nc3 Bb4 4. e3 0-0 5. Bd3 d5 6. Nge2 c5 7. cxd5 cxd4 8. exd4 Nxd5 9. 0-0 Nxc3 10. bxc3 Bd6 11. Ng3 Nd7 12. Ne4 Be7 13. Qh5 f5 14. Ng5 Bxg5 15. Bxg5 Qc7 16. Bd2 Nf6 17. Qe2 Bd7 18. c4 Rfe8 19. Rac1 Rac8 20. Qf3 Qc6 21. Qe2 Qd6 22. Bc3 Bc6 23. f3 b6 24. Rfe1 Rcd8 25. Bc2 Qf4 26. Qf2 h6 27. Bb3 Qd6 28. Rcd1 Qc7 29. Bb2 Qd6 30. c5 Qd7 31. cxb6 axb6 32. d5 Nxd5 33. Bxd5 Bxd5 34. Qxb6 Rb8 35. Qd4 Qb7 36. Bc3 Bxa2 37. Ra1 Ra8 38. Qe5 Bd5 39. Rab1 Qf7 40. Qf4 Ra2 41. Rb2 Rea8 42. Reb1 Rxb2 43. Rxb2 Ra1+ 44. Kf2 Kh7 45. Rb8 Ra2+ 46. Rb2 Ra3 47. Qe5 Ra7 48. Bd4 Rb7 49. Rxb7 Qxb7 50. h3 Qf7 51. Kg3 Qe7 52. Kf2 Qh4+ 53. g3 Qg5 54. f4 Qe7 55. Ke2 Qd7 56. Kf2 Bc4 57. g4 fxg4 58. hxg4 Bd3 59. g5 hxg5 60. fxg5 Bf5 61. Kg3 Kg6 62. Kf4 Qe7 63. Kf3 Qf7 64. Kg3 Qg8 65. Kf2 Qh7 66. Kg1 Bg4 67. Kf2 Bf5 68. Kg1 Bh3 69. Qe4+ Bf5 70. Qe5 Qg8 71. Kh2 Qf7 72. Kg3 Bd3 73. Kg4 Bb1 74. Kg3 Bc2 75. Kg2 Qb7+ 76. Kg3 Bf5 77. Kf4 Kh7 78. Kg3 Qf7 79. Kh4 Kg6 80. Kg3 Qd7 81. Kf4 Qb7 82. Kg3 Qb3+ 83. Bc3 Qb7 84. Bd4 1/2-1/2

[Event "Budapest Spring op 22nd"]
[Site "Budapest"]
[Date "2006.03.28"]
[Round "6"]
[White "Koczo, Kristof"]
[Black "Katona, Jozsef"]
[Result "1-0"]
[WhiteElo "2104"]
[BlackElo "2065"]
[PlyCount "105"]
[EventDate "2006.03.23"]
[EventType "swiss"]
[EventRounds "9"]
[EventCountry "HUN"]
[SourceTitle "CBM 111 Extra"]
[Source "ChessBase"]
[SourceDate "2006.05.09"]
[SourceVersion "1"]
[SourceVersionDate "2006.05.09"]
[SourceQuality "1"]

1. d4 g6 2. c4 Bg7 3. e4 c6 4. Nc3 a6 5. a4 a5 6. Nf3 d6 7. Bd3 Na6 8. Be3 Nf6 9. h3 0-0 10. Rc1 Nd7 11. Qd2 Re8 12. 0-0 e5 13. d5 Ndc5 14. Bc2 cxd5 15. Nxd5 Bd7 16. b3 Bc6 17. Rfd1 Bxd5 18. Qxd5 Nb4 19. Qxd6 Bf8 20. Qxf8+ Rxf8 21. Rxd8 Rfxd8 22. Bxc5 Nxc2 23. Rxc2 Rd7 24. Kh2 f6 25. Bb6 Rd3 26. Nd2 f5 27. exf5 gxf5 28. Kg1 e4 29. Kf1 Kf7 30. Ke2 Rg8 31. g3 f4 32. gxf4 Rxh3 33. Be3 Re8 34. Rc1 h5 35. Rg1 h4 36. Rg5 Rh1 37. Rxa5 h3 38. Rh5 Kg6 39. Rh4 Re7 40. Nf1 Rh7 41. f5+ Kg7 42. Rxh7+ Kxh7 43. Bf4 Rg1 44. Bh2 Rg2 45. b4 Kg7 46. a5 Kf6 47. b5 Rg8 48. Ng3 Re8 49. c5 Ke5 50. c6 bxc6 51. b6 Kd4 52. b7 Kc5 53. b8Q 1-0

[Event "HUN-chT2 Toth 0506"]
[Site "Hungary"]
[Date "2005.10.30"]
[Round "2"]
[White "Vigh, Zoltan"]
[Black "Katona, Jozsef"]
[Result "1-0"]
[WhiteElo "1848"]
[BlackElo "2065"]
[PlyCount "91"]
[EventDate "2005.10.16"]
[EventType "team"]
[EventRounds "11"]
[EventCountry "HUN"]
[SourceTitle "EXT 2009"]
[Source "ChessBase"]
[SourceDate "2008.11.26"]
[SourceVersion "1"]
[SourceVersionDate "2008.11.26"]
[SourceQuality "1"]
[WhiteTeam "Battonya"]
[BlackTeam "Oroshaza"]
[WhiteTeamCountry "HUN"]
[BlackTeamCountry "HUN"]

1. e4 c5 2. Nf3 d6 3. d4 cxd4 4. Nxd4 Nf6 5. Nc3 a6 6. Be3 e5 7. Nb3 Be6 8. f3 Be7 9. Qd2 Nbd7 10. 0-0-0 Qc7 11. g4 h6 12. h4 0-0-0 13. Kb1 Kb8 14. Rg1 Nc5 15. Qf2 Nfd7 16. Nd5 Bxd5 17. exd5 b5 18. h5 Rc8 19. Qd2 f6 20. Na5 Bd8 21. Nc6+ Kb7 22. Qb4 Nb8 23. c4 Nxc6 24. dxc6+ Qxc6 25. cxb5 axb5 26. Bxb5 Qb6 27. Rc1 Qa5 28. Qc4 Bb6 29. b4 Qa3 30. Rc3 Na4 31. Qd5+ Kb8 32. Qxd6+ Bc7 33. Rxa3 Bxd6 34. Rxa4 Rc3 35. Ba7+ Kb7 36. Rc1 Rxc1+ 37. Kxc1 Rd8 38. Be3 Bb8 39. Ba6+ Kc7 40. b5 Rd6 41. Rc4+ Kd7 42. b6 Rd3 43. Bb5+ Ke7 44. Bd2 Bd6 45. b7 Rxf3 46. Rc8 1-0

[Event "HUN-chT2 Toth 0506"]
[Site "Hungary"]
[Date "2005.10.16"]
[Round "1"]
[White "Katona, Jozsef"]
[Black "Sandor, Peter"]
[Result "1/2-1/2"]
[WhiteElo "2065"]
[BlackElo "2100"]
[PlyCount "75"]
[EventDate "2005.10.16"]
[EventType "team"]
[EventRounds "11"]
[EventCountry "HUN"]
[SourceTitle "EXT 2009"]
[Source "ChessBase"]
[SourceDate "2008.11.26"]
[SourceVersion "1"]
[SourceVersionDate "2008.11.26"]
[SourceQuality "1"]
[WhiteTeam "Oroshaza"]
[BlackTeam "Bekes"]
[WhiteTeamCountry "HUN"]
[BlackTeamCountry "HUN"]

1. Nf3 d5 2. d4 g6 3. c4 c6 4. Nc3 Bg7 5. e3 Nf6 6. Be2 0-0 7. 0-0 Nbd7 8. b3 b6 9. cxd5 Nxd5 10. Nxd5 cxd5 11. Bb2 Bb7 12. Rc1 Rc8 13. Qd2 Nf6 14. Rxc8 Qxc8 15. Rc1 Qd7 16. Ne5 Qd6 17. Rc2 Nd7 18. f4 f6 19. Nxd7 Qxd7 20. Qc1 Rc8 21. Rxc8+ Bxc8 22. h3 h5 23. Qc2 Kf7 24. Bd3 f5 25. Kf2 Bf6 26. Kf3 Bb7 27. a4 Bc6 28. g3 Qd6 29. Kf2 Bd7 30. h4 Qb4 31. Qc3 Qd6 32. Bc2 Ke8 33. b4 e6 34. b5 Be7 35. Bd3 Kd8 36. a5 Qc7 37. Qxc7+ Kxc7 38. a6 1/2-1/2

[Event "HUN-chT2 Toth 0405"]
[Site "Hungary"]
[Date "2005.02.20"]
[Round "8"]
[White "Brhlik, Gyorgy"]
[Black "Katona, Jozsef"]
[Result "1/2-1/2"]
[WhiteElo "2109"]
[BlackElo "2065"]
[PlyCount "88"]
[EventDate "2004.09.26"]
[EventType "team"]
[EventRounds "11"]
[EventCountry "HUN"]
[SourceTitle "EXT 2009"]
[Source "ChessBase"]
[SourceDate "2008.11.26"]
[SourceVersion "1"]
[SourceVersionDate "2008.11.26"]
[SourceQuality "1"]
[WhiteTeam "Bekes"]
[BlackTeam "Oroshaza"]
[WhiteTeamCountry "HUN"]
[BlackTeamCountry "HUN"]

1. e4 c5 2. Nc3 e6 3. f4 d5 4. Bb5+ Bd7 5. exd5 exd5 6. Qe2+ Qe7 7. Nxd5 Qxe2+ 8. Nxe2 Bd6 9. Bxd7+ Nxd7 10. d3 0-0-0 11. 0-0 Ngf6 12. Nxf6 Nxf6 13. Nc3 Rhe8 14. h3 a6 15. a4 h6 16. b3 Kc7 17. Bd2 Kc6 18. Rae1 Bc7 19. Rxe8 Rxe8 20. Kf2 Nh5 21. Kf3 f5 22. g4 fxg4+ 23. hxg4 Nf6 24. Re1 Rxe1 25. Bxe1 Ba5 26. Bd2 b5 27. axb5+ axb5 28. g5 hxg5 29. fxg5 Nd7 30. Ke4 g6 31. Nb1 Bd8 32. Be3 Bc7 33. c4 bxc4 34. bxc4 Be5 35. Nd2 Kd6 36. Nb3 Bc3 37. Bf4+ Ke6 38. Bg3 Bb2 39. Nd2 Be5 40. Bf2 Bc3 41. Nf3 Bb4 42. Be3 Bc3 43. Nh4 Nf8 44. Ng2 Bb2 1/2-1/2

[Event "HUN-chT2 Toth 0405"]
[Site "Hungary"]
[Date "2005.02.06"]
[Round "7"]
[White "Katona, Jozsef"]
[Black "Kopias, Ferenc"]
[Result "1-0"]
[WhiteElo "2065"]
[BlackElo "2030"]
[PlyCount "79"]
[EventDate "2004.09.26"]
[EventType "team"]
[EventRounds "11"]
[EventCountry "HUN"]
[SourceTitle "EXT 2009"]
[Source "ChessBase"]
[SourceDate "2008.11.26"]
[SourceVersion "1"]
[SourceVersionDate "2008.11.26"]
[SourceQuality "1"]
[WhiteTeam "Oroshaza"]
[BlackTeam "Mako II"]
[WhiteTeamCountry "HUN"]
[BlackTeamCountry "HUN"]

1. e4 c6 2. d4 d5 3. Nc3 dxe4 4. Nxe4 Nd7 5. Nf3 Ngf6 6. Ng3 e6 7. Be2 c5 8. 0-0 Qc7 9. c4 cxd4 10. Nxd4 a6 11. b3 Bd6 12. Re1 0-0 13. Bd3 Bb4 14. Bd2 Bc5 15. Nc2 Ne5 16. Bc3 Neg4 17. Ne3 Nxe3 18. fxe3 e5 19. Ne4 Nxe4 20. Bxe4 Be6 21. Qf3 Rab8 22. Rad1 f6 23. Bd5 Bxd5 24. Rxd5 Qb6 25. g3 Rfd8 26. Kg2 Rd6 27. Red1 Rbd8 28. Rxd6 Bxd6 29. Qd5+ Kf8 30. Ba5 Qxe3 31. Bxd8 Qe2+ 32. Kh1 Bb4 33. Bb6 e4 34. Bc5+ Bxc5 35. Qxc5+ Kf7 36. Qd5+ Kg6 37. Qd2 Qf3+ 38. Kg1 e3 39. Qd3+ Kg5 40. Qd5+ 1-0

[Event "HUN-chT2 Toth 0203"]
[Site "Hungary"]
[Date "2003.04.13"]
[Round "11"]
[White "Diamant, Tibor"]
[Black "Katona, Jozsef"]
[Result "1-0"]
[WhiteElo "2128"]
[BlackElo "2065"]
[PlyCount "49"]
[EventDate "2002.09.22"]
[EventType "team"]
[EventRounds "11"]
[EventCountry "HUN"]
[SourceTitle "EXT 2009"]
[Source "ChessBase"]
[SourceDate "2008.11.26"]
[SourceVersion "1"]
[SourceVersionDate "2008.11.26"]
[SourceQuality "1"]

1. e4 c5 2. Nf3 d6 3. d4 cxd4 4. Nxd4 Nf6 5. Nc3 a6 6. Rg1 e6 7. g4 h6 8. h4 d5 9. exd5 Nxd5 10. Nxd5 Qxd5 11. Be3 Be7 12. g5 h5 13. Bg2 Qa5+ 14. c3 g6 15. Qb3 Qc7 16. 0-0-0 0-0 17. Ne2 Nd7 18. Nf4 Bc5 19. Nxe6 Bxe3+ 20. fxe3 fxe6 21. Qxe6+ Kg7 22. Rd6 Rf7 23. Qxg6+ Kf8 24. Re6 Qh2 25. Qh6+ 1-0